000 01770nam a22001457a 4500
999 _c529510
_d529510
008 250417b ||||| |||| 00| 0 eng d
100 _aMathur, Priya and Jha, Mukesh Kumar
_952125
245 _aPolice complaints authority in India: Evaluating accountability and civilian control
260 _aBihar Journal of Public Administration
300 _a21(2), Jul-Dec, 2024: p.685-697
520 _aEvery citizen has fundamental right to live in a safe and secure environment, as such, it is the duty of the state, especially through police, to provide the same. On the contrary, the people’s trust in police personnel is always in question. In view of the situation, in 2006, the Supreme Court with a view to ensure civil control over police practices in the country, directed to establish Police Complaints Authorities (PCA) at the state and district level. The authority is required to interrogate in complaints against serious police misconduct. Thus, the present paper attempts to evaluate the countrywide progress of PCAs in the last seventeen years. The research analyses the extent to which Supreme Court directives on composition, powers, and transparency are followed in the implementation of PCAs in the country by studying reformed police acts and government notifications on police reforms in various states and union territories. The study deduces that initially PCAs were established in different parts of the country but it remained only on paper. – Reproduced http://www.iipabiharbranch.org/upload/BJPA%20Vol%20XXI%20No.%202%20Jul-Dec%202024.pdf
650 _aPolice reforms, Abuse of power, Police complaint authority, Police accountability, Custodial violence.
_952126
773 _aBihar Journal of Public Administration
942 _cAR